000 00303nam a22001217a 4500
020 _a0078308194
082 _222
_a005.446
100 _aEcklund, Eric.
245 _aWindows XP ; A comprehensive approach /
260 _bGlencoe McGraw-Hill
_cc2002
300 _aXvi,352 p, ;
_bNA
_c24 cm.
942 _2ddc
_cIT
999 _c3729
_d3729